Indian Economy/ (Record no. 210532)

MARC details
000 -LEADER
fixed length control field 00569nam a22002057a 4500
005 - DATE AND TIME OF LATEST TRANSACTION
control field 20250326170405.0
010 ## - LCCN (DPL NO)
LC control number ENG-144291
020 ## - INTERNATIONAL STANDARD BOOK NUMBER
International Standard Book Number 9789355326058
Terms of availability 350.00
035 ## - SYSTEM CONTROL NUMBER
System control number EN-127823
037 ## - SOURCE OF ACQUISITION
Source of stock number/acquisition DBAD
082 ## - DEWEY DECIMAL CLASSIFICATION NUMBER
Edition number 8
100 ## - MAIN ENTRY--PERSONAL NAME
Personal name Karuppiah, Sankarganesh
245 ## - TITLE STATEMENT
Title Indian Economy/
Statement of responsibility, etc Sankarganesh Karuppiah
250 ## - EDITION STATEMENT
Edition statement 8
260 ## - PUBLICATION, DISTRIBUTION, ETC. (IMPRINT)
Place of publication, distribution, etc Chennai
Name of publisher, distributor, etc McGraw Hill
Date of publication, distribution, etc 2021
270 ## - ADDRESS
Address 5/90 A, Butt Road, St. Thomas Mount
City Chennai
Postal code 600016
300 ## - PHYSICAL DESCRIPTION
Extent 220p.
Dimensions 24cm(pb)
500 ## - GENERAL NOTE
General note Key Concepts
942 ## - ADDED ENTRY ELEMENTS (KOHA)
Source of classification or shelving scheme Dewey Decimal Classification
Item type English Books
Call number suffix KAR
Classification part 330.954
Holdings
Withdrawn status Lost status Not for loan Collection code Home library Current library Date acquired Source of acquisition Cost, normal purchase price Full call number Barcode Copy number Cost, replacement price Koha item type
      Non-fiction Ashok Vihar Ashok Vihar 26/03/2025 Delivery of Books Act Division 350.00 KAR 330.954 EN-127823 1 350.00 English Books

© Delhi Public Library
Hit Counter
free hit counter